Biblioteca

The mystery and agency of God (Registro nro. 46999)

Detalles MARC
000 -LÍDER
Campo fijo de descripción fija 01308cam a2200325 i 4500
001 - NÚMERO DE CONTROL
Campo de control 20648
003 - IDENTIFICADOR DEL NÚMERO DE CONTROL
Campo de control CO-MdFUSB
005 - FECHA Y HORA DE LA ULTIMA TRANSACCIÓN
control field 20190202100352.0
008 - ELEMENTOS DE LONGITUD FIJA -- INFORMACIÓN GENERAL
Campo fijo de descripción fija -- Información general 161004t2014 xxu||||g |||| 00| 0 eng d
020 ## - NÚMERO INTERNACIONAL NORMALIZADO PARA LIBROS
Número Internacional Normalizado del libro 978-1-4514-6573-0
040 ## - FUENTE DE CATALOGACIÓN
Agencia de catalogación original CO-MdFUSB
Idioma de catalogación Español
Agencia que realiza la transcripción CO-MdFUSB
Agencia que realiza la modificación CO-MdFUSB
Convenciones de la descripción rda
041 ## - CÓDIGO DE IDIOMA
Código de idioma para texto/pista de sonido o título separado eng
082 ## - NÚMERO DE CLASIFICACIÓN DECIMAL DEWEY
Número de la edición del Dewey 24
Número de clasificación 211
Clave de autor-Numero de item K59m
100 1# - ASIENTO PRINCIPAL--NOMBRE PERSONAL
Nombre personal Kirkpatrick, Frank G.
Término relacionador autor
245 14 - TÍTULO
Título del Material The mystery and agency of God
Parte restante del título - Subtitulo : Divine being and action in the world
Mención de responsabilidad, etc. / Frank G. Kirkpatrick
264 #1 - PRODUCCIÓN, PUBLICACIÓN, DISTRIBUCIÓN, MANUFACTURA, Y COPYRIGHT
Lugar de producción, publicación, distribución, manufactura Minneapolis, Minnesota :
Nombre del productor, publicador, distribuidor Fortress Press,
Fecha de producción, publicación, distribución, manufactura, o copyright ℗[2014]
264 #4 - PRODUCCIÓN, PUBLICACIÓN, DISTRIBUCIÓN, MANUFACTURA, Y COPYRIGHT
Fecha de producción, publicación, distribución, manufactura, o copyright ©2014
300 ## - DESCRIPCIÓN FÍSICA
Extensión xvii, 163 páginas
336 ## - TIPO DE CONTENIDO
Fuente rdacontent
Término de tipo de contenido
Código de tipo de contenido
337 ## - TIPO DE MEDIO
Fuente rdamedia
Nombre del tipo de medio
Código del tipo de medio
338 ## - TIPO DE SOPORTE
Fuente rdacarrier
Nombre del tipo de soporte
Código Tipo de soporte
504 ## - NOTA DE BIBLIOGRAFÍA, ETC.
Nota de bibliografía, etc Incluye índice (páginas: 161-163)
505 01 - NOTA DE CONTENIDO
Nota de contenido con formato preestablecido Concepciones rivales de Dios - Estableciendo la primacía del agente, el acto y la agencia - Edward Pols y la metafísica de la agencia - Las condiciones metafísicas de Dios como agente - ¿Cómo puede Dios actuar en el mundo? - Teología y el discernimiento de los actos de Dios en la historia - Coda (movimiento) sobre el misterio de Dios como agente.
540 ## - NOTA DE CONDICIONES DE USO Y REPRODUCCION
Términos que regulan el uso y reproducción Rústico
650 #7 - ASIENTO SECUNDARIO DE MATERIA - TERMINO TEMÁTICO
Término temático o nombre geográfico como elemento de entrada Dios
Fuente del encabezamiento o término
9 (RLIN) 178
650 #7 - ASIENTO SECUNDARIO DE MATERIA - TERMINO TEMÁTICO
9 (RLIN) 501
Término temático o nombre geográfico como elemento de entrada Metafísica
653 ## - TÉRMINO DE INDIZACIÓN - NO CONTROLADO
Término no controlado God -- Christianity
942 ## - TIPO DE MATERIAL (KOHA)
Tipo de Item KOHA Libros General
Existencias
Estado de Material Estado de Perdido Forma de Clasificación Estado de Dañado No para Préstamo Colección Tomo Biblioteca de Origen Biblioteca Permanente Fecha de Adquisición Total de Préstamos Signatura Topográfica Código de Barras Última vez visto Ejemplar/Existencia Fecha de Remplazo Tipo de Material
    Dewey Decimal Classification     Colección General   Biblioteca FUSBC Biblioteca FUSBC 11/08/2015   G 211 K59m 20225 12/12/2019 Ej. 1 26/01/2016 Libros General

Biblioteca FUSBC | Teléfono: (57+4) 349 88 10 Ext. 141| WhatsApp (+57) 3005338115 
E-mail: biblioteca@unisbc.edu.co | Calle 76 87-14 Robledo Palenque, Medellín, Colombia

Con tecnología Koha